Contratos administrativos e um novo regime jurídico de prerrogativas contratuais na administração pública contemporânea : (Record no. 58)

MARC details
000 -LÍDER
Campo Fixo de Controle 00938cam a2200241 a 4500
001 - NÚMERO DE CONTROLE
Campo de Controle 58
003 - IDENTIFICAÇÃO DO NÚMERO DE CONTROLE
Campo de Controle BR-CuiBMT
005 - DATA E HORA DA ÚLTIMA ATUALIZAÇÃO
Campo de Controle 20231026214028.0
008 - DADOS FIXOS
Dados Fixos 230808s2018 mgba 000 0 por d
020 ## - INTERNATIONAL STANDARD BOOK NUMBER
Nº do ISBN 9788545005322
040 ## - AGÊNCIA CATALOGADORA
Código da Agência Catalogadora BR-CuiBMT
Agência que transcreveu o registro BR-CuiBMT
080 ## - Nº DA CLASSIFICAÇÃO DECIMAL UNIVERSAL
Nº edição CDU 2007
Nº Class. CDU 351.712
090 ## - NÚMERO DE CHAMADA
Nº classificação 351.712
Cutter V181c
100 1# - ENTRADA PRINCIPAL -- AUTOR PESSOAL
Nome pessoal Valle, Vivian Lima López
245 10 - TÍTULO PRINCIPAL
Título principal Contratos administrativos e um novo regime jurídico de prerrogativas contratuais na administração pública contemporânea :
Subtítulo da unilateralidade ao consenso e do consenso à unilateralidade na relação contratual administrativa /
Indicação de responsabilidade Vivian Lima López Valle ; prefácio Romeu Felipe Bacellar Filho.
260 ## - PUBLICAÇÃO, DISTRIBUIÇÃO, ETC.
Local de publicação Belo Horizonte :
Editora Fórum,
Data 2018.
300 ## - DESCRIÇÃO FÍSICA
N. páginas ou volumes 288 p. :
Ilustrações il. ;
Dimensões 22 cm
504 ## - NOTA DE BIBLIOGRAFIA, ETC.
Nota de bibliografia Inclui bibliografia.
650 ## - ASSUNTO TÓPICO
Cabeçalho tópico ou nome geográfico Relação contratual administrativa
650 ## - ASSUNTO TÓPICO
Cabeçalho tópico ou nome geográfico Administração pública
650 ## - ASSUNTO TÓPICO
Cabeçalho tópico ou nome geográfico Contratos administrativos
942 ## - ELEMENTOS DE ENTRADA ADICIONAIS (KOHA)
Fonte de classificação ou esquema de arquivamento Classificação Decimal Universal
Tipo de item do Koha Livros
Holdings
Estado: removido Estado: perdido Fonte de classificação ou esquema de arquivamento Estado: danificado Indisponível para empréstimo Localização permanente Localização atual Data de aquisição Total Checkouts Número de Chamada completo Código de barras Date last seen Número do exemplar Preço efetivo a partir de Tipo de item (Koha)
    Classificação Decimal Universal     Biblioteca da Escola Superior de Contas do TCE/MT Biblioteca da Escola Superior de Contas do TCE/MT 28/06/2023   351.712 V181c BIBTCEMT23080034 08/08/2023 Ex. 1 08/08/2023 Livros

Powered by Koha